000 00879 a2200241 4500
001 63079
005 20260407155926.0
008 260407a2001 arg spa d
003 AR-UNSa-BCEJYS
040 _aAR-UNSa-BCEJYS
_bspa
_cAR-UNSa-BCEJYS
080 _a339.92
_xCooperación económica internacional. Integración económica internacional
245 1 0 _aEl ALCA en debate
_pUna perspectiva desde las mujeres
020 _a978-950-786-301-1
264 1 _aBuenos Aires :
_bBiblos
_c2001
300 _a195 p.
_c22 cm.
505 _aPrimera Parte: Mujeres, decisiones macroeconómicas y nuevas ciudadanías -- Segunda Parte: El ALCA: La propuesta y los impactos esperados -- Tercera Parte: Resistencias y alternativas --
041 _aspa
942 _cBK
590 _aniveau_biblio:m niveau_hierar:0
100 1 _aSanchís, Norma
650 _aALCA
650 _a alca
999 _c7979
_d7979